Kültepe-Kanis ; asur ticaret kolonilerinin merkezinde yapilan yeni arastirmalar. New researches at the center of the Assyrian trade colonies /

Bibliographic Details
Main Author: Özgüç, Tahsin
Format: Book
Language:Turkish
Published: Ankara : Türk Tarih Kurumu Basimevi, 1959.
Series:Türk Tarih Kurumu yayınlarından. sa. 19.
Subjects:

MARC

Tag First Indicator Second Indicator Subfields
LEADER 00000cam a2200000 i 4500
001 in00000013016
005 20151007052315.0
008 770708s1959 tu aef b 00010 tur d
035 |a (OCoLC)03100533 
035 |9 AAA7222AM 
040 |a SMI  |c SMI  |d m/c  |d TXA  |d UtOrBLW 
041 0 |a TUR  |a ENG 
049 |a TXAM  |c [A12584300] 
050 4 |a DS51.K8  |b O29 1959 
100 1 |a Özgüç, Tahsin. 
245 1 0 |a Kültepe-Kanis ;  |b asur ticaret kolonilerinin merkezinde yapilan yeni arastirmalar. New researches at the center of the Assyrian trade colonies /  |c Tahsin Özgüç. 
264 1 |a Ankara :  |b Türk Tarih Kurumu Basimevi,  |c 1959. 
300 |a xxiii, 113 pages, 66 unnumbered pages of plates :  |b illustrations, plans (some folded) ;  |c 33 cm. 
336 |a text  |b txt  |2 rdacontent 
337 |a unmediated  |b n  |2 rdamedia 
338 |a volume  |b nc  |2 rdacarrier 
490 1 |a Türk Tarih Kurumu yayinlarindan. V. seri ;  |v sayi 19 
500 |a Text in Turkish and English. 
500 |a Includes bibliographical references. 
651 0 |a Turkey  |x Antiquities. 
650 0 |a Hittites. 
740 0 |a New researches at the center of the Assyrian trade colonies. 
830 0 |a Türk Tarih Kurumu yayınlarından.  |n V. dizi ;  |v sa. 19. 
999 |a MARS 
999 f f |s 36a21ebf-ced3-3da1-a034-0b07eb618fd2  |i 0ca6cf2e-a88e-38eb-a15f-20b3fceb9f7e  |t 0 
952 f f |p noncirc  |a Texas A&M University  |b College Station  |c Sterling C. Evans Library  |d Bodrum (located in Turkey)  |t 0  |e DS51.K8 O29 1959  |h Library of Congress classification  |i unmediated -- volume 
952 f f |p ric  |a Texas A&M University  |b Rellis Campus  |c Joint Library Facility  |d Remote Storage  |t 0  |e DS51.K8 O29 1959  |h Library of Congress classification  |i unmediated -- volume  |m A14812584300 
998 f f |a DS51.K8 O29 1959  |t 0  |l Remote Storage 
998 f f |a DS51.K8 O29 1959  |t 0  |l Bodrum (located in Turkey)